00410cam a22000977a 4500008004000000082001300040245013100053260005100184300001000235700006700245180718b1977 xxu||||| |||| 00| 0 eng d aZ46 Or3c aCritical issues on foos marketing systems : in developing countriescby Organisation For Economic Co-Operation and Development aParisbFood and Agriculture Organisationc1977 a97+p. aFrance. Organisation For Economic Co-Operation and Development